<?xml version="1.0" encoding="UTF-8"?>
<record
    xmlns:xsi="http://www.w3.org/2001/XMLSchema-instance"
    xsi:schemaLocation="http://www.loc.gov/MARC21/slim http://www.loc.gov/standards/marcxml/schema/MARC21slim.xsd"
    xmlns="http://www.loc.gov/MARC21/slim">

  <leader>00496nam a22001937a 4500</leader>
  <datafield tag="999" ind1=" " ind2=" ">
    <subfield code="c">124641</subfield>
    <subfield code="d">124641</subfield>
  </datafield>
  <controlfield tag="005">20211111093001.0</controlfield>
  <controlfield tag="008">211111b           ||||| |||| 00| 0 eng d</controlfield>
  <datafield tag="020" ind1=" " ind2=" ">
    <subfield code="a">9780702073298</subfield>
  </datafield>
  <datafield tag="040" ind1=" " ind2=" ">
    <subfield code="c">PK-LaUMT</subfield>
  </datafield>
  <datafield tag="082" ind1=" " ind2=" ">
    <subfield code="a">615.1</subfield>
    <subfield code="b">CLI-</subfield>
  </datafield>
  <datafield tag="245" ind1=" " ind2=" ">
    <subfield code="a">Clinical pharmacology /</subfield>
    <subfield code="c">by Morris J. Brown . . . [et al.]</subfield>
  </datafield>
  <datafield tag="250" ind1=" " ind2=" ">
    <subfield code="a">12th ed.</subfield>
  </datafield>
  <datafield tag="260" ind1=" " ind2=" ">
    <subfield code="a">Edinburgh :</subfield>
    <subfield code="b">Elsevier,</subfield>
    <subfield code="c">2019</subfield>
  </datafield>
  <datafield tag="300" ind1=" " ind2=" ">
    <subfield code="a">706 p.</subfield>
  </datafield>
  <datafield tag="650" ind1=" " ind2=" ">
    <subfield code="a">Clinical pharmacology</subfield>
  </datafield>
  <datafield tag="650" ind1=" " ind2=" ">
    <subfield code="a">Infection</subfield>
  </datafield>
  <datafield tag="650" ind1=" " ind2=" ">
    <subfield code="a">Fungal</subfield>
  </datafield>
  <datafield tag="942" ind1=" " ind2=" ">
    <subfield code="c">BK</subfield>
  </datafield>
  <datafield tag="952" ind1=" " ind2=" ">
    <subfield code="0">0</subfield>
    <subfield code="1">0</subfield>
    <subfield code="4">0</subfield>
    <subfield code="7">0</subfield>
    <subfield code="a">HSC</subfield>
    <subfield code="b">HSC</subfield>
    <subfield code="d">2021-11-11</subfield>
    <subfield code="l">0</subfield>
    <subfield code="o">615.1 CLI-</subfield>
    <subfield code="p">139446</subfield>
    <subfield code="r">2021-11-11 00:00:00</subfield>
    <subfield code="w">2021-11-11</subfield>
    <subfield code="y">BK</subfield>
  </datafield>
  <datafield tag="952" ind1=" " ind2=" ">
    <subfield code="0">0</subfield>
    <subfield code="1">0</subfield>
    <subfield code="4">0</subfield>
    <subfield code="7">0</subfield>
    <subfield code="a">HSC</subfield>
    <subfield code="b">HSC</subfield>
    <subfield code="d">2021-11-11</subfield>
    <subfield code="l">0</subfield>
    <subfield code="o">615.1 CLI-</subfield>
    <subfield code="p">139447</subfield>
    <subfield code="r">2021-11-11 00:00:00</subfield>
    <subfield code="t">C.2</subfield>
    <subfield code="w">2021-11-11</subfield>
    <subfield code="y">BK</subfield>
  </datafield>
  <datafield tag="952" ind1=" " ind2=" ">
    <subfield code="0">0</subfield>
    <subfield code="1">0</subfield>
    <subfield code="4">0</subfield>
    <subfield code="7">0</subfield>
    <subfield code="a">HSC</subfield>
    <subfield code="b">HSC</subfield>
    <subfield code="d">2021-11-12</subfield>
    <subfield code="l">1</subfield>
    <subfield code="o">615.1 CLI-</subfield>
    <subfield code="p">139282</subfield>
    <subfield code="r">2023-02-16 00:00:00</subfield>
    <subfield code="s">2023-02-08</subfield>
    <subfield code="t">C.3</subfield>
    <subfield code="w">2021-11-12</subfield>
    <subfield code="y">BK</subfield>
  </datafield>
  <datafield tag="952" ind1=" " ind2=" ">
    <subfield code="0">0</subfield>
    <subfield code="1">0</subfield>
    <subfield code="4">0</subfield>
    <subfield code="7">0</subfield>
    <subfield code="a">HSC</subfield>
    <subfield code="b">HSC</subfield>
    <subfield code="d">2021-11-20</subfield>
    <subfield code="l">0</subfield>
    <subfield code="o">615.1 CLI-</subfield>
    <subfield code="p">139661</subfield>
    <subfield code="r">2021-11-20 00:00:00</subfield>
    <subfield code="t">C.4</subfield>
    <subfield code="w">2021-11-20</subfield>
    <subfield code="y">BK</subfield>
  </datafield>
  <datafield tag="952" ind1=" " ind2=" ">
    <subfield code="0">0</subfield>
    <subfield code="1">0</subfield>
    <subfield code="4">0</subfield>
    <subfield code="7">0</subfield>
    <subfield code="a">HSC</subfield>
    <subfield code="b">HSC</subfield>
    <subfield code="d">2021-11-20</subfield>
    <subfield code="l">0</subfield>
    <subfield code="o">615.1 CLI-</subfield>
    <subfield code="p">139662</subfield>
    <subfield code="r">2021-11-20 00:00:00</subfield>
    <subfield code="t">C.5</subfield>
    <subfield code="w">2021-11-20</subfield>
    <subfield code="y">BK</subfield>
  </datafield>
  <datafield tag="952" ind1=" " ind2=" ">
    <subfield code="0">0</subfield>
    <subfield code="1">0</subfield>
    <subfield code="4">0</subfield>
    <subfield code="7">0</subfield>
    <subfield code="a">HSC</subfield>
    <subfield code="b">HSC</subfield>
    <subfield code="d">2021-11-20</subfield>
    <subfield code="l">0</subfield>
    <subfield code="o">615.1 CLI-</subfield>
    <subfield code="p">139663</subfield>
    <subfield code="r">2021-11-20 00:00:00</subfield>
    <subfield code="t">C.6</subfield>
    <subfield code="w">2021-11-20</subfield>
    <subfield code="y">BK</subfield>
  </datafield>
  <datafield tag="952" ind1=" " ind2=" ">
    <subfield code="0">0</subfield>
    <subfield code="1">0</subfield>
    <subfield code="4">0</subfield>
    <subfield code="7">0</subfield>
    <subfield code="a">HSC</subfield>
    <subfield code="b">HSC</subfield>
    <subfield code="d">2021-11-20</subfield>
    <subfield code="l">0</subfield>
    <subfield code="o">615.1 CLI-</subfield>
    <subfield code="p">139664</subfield>
    <subfield code="r">2021-11-20 00:00:00</subfield>
    <subfield code="t">C.7</subfield>
    <subfield code="w">2021-11-20</subfield>
    <subfield code="y">BK</subfield>
  </datafield>
  <datafield tag="952" ind1=" " ind2=" ">
    <subfield code="0">0</subfield>
    <subfield code="1">0</subfield>
    <subfield code="4">0</subfield>
    <subfield code="7">0</subfield>
    <subfield code="a">HSC</subfield>
    <subfield code="b">HSC</subfield>
    <subfield code="d">2021-11-20</subfield>
    <subfield code="l">0</subfield>
    <subfield code="o">615.1 CLI-</subfield>
    <subfield code="p">139665</subfield>
    <subfield code="r">2021-11-20 00:00:00</subfield>
    <subfield code="t">C.8</subfield>
    <subfield code="w">2021-11-20</subfield>
    <subfield code="y">BK</subfield>
  </datafield>
  <datafield tag="952" ind1=" " ind2=" ">
    <subfield code="0">0</subfield>
    <subfield code="1">0</subfield>
    <subfield code="4">0</subfield>
    <subfield code="7">0</subfield>
    <subfield code="a">HSC</subfield>
    <subfield code="b">HSC</subfield>
    <subfield code="d">2021-11-20</subfield>
    <subfield code="l">0</subfield>
    <subfield code="o">615.1 CLI-</subfield>
    <subfield code="p">139666</subfield>
    <subfield code="r">2021-11-20 00:00:00</subfield>
    <subfield code="t">C.9</subfield>
    <subfield code="w">2021-11-20</subfield>
    <subfield code="y">BK</subfield>
  </datafield>
  <datafield tag="952" ind1=" " ind2=" ">
    <subfield code="0">0</subfield>
    <subfield code="1">0</subfield>
    <subfield code="4">0</subfield>
    <subfield code="7">0</subfield>
    <subfield code="a">HSC</subfield>
    <subfield code="b">HSC</subfield>
    <subfield code="d">2021-11-20</subfield>
    <subfield code="l">2</subfield>
    <subfield code="o">615.1 CLI-</subfield>
    <subfield code="p">139667</subfield>
    <subfield code="r">2024-05-06 00:00:00</subfield>
    <subfield code="s">2024-04-22</subfield>
    <subfield code="t">C.10</subfield>
    <subfield code="w">2021-11-20</subfield>
    <subfield code="y">BK</subfield>
  </datafield>
  <datafield tag="952" ind1=" " ind2=" ">
    <subfield code="0">0</subfield>
    <subfield code="1">0</subfield>
    <subfield code="4">0</subfield>
    <subfield code="7">0</subfield>
    <subfield code="a">HSC</subfield>
    <subfield code="b">HSC</subfield>
    <subfield code="d">2021-11-20</subfield>
    <subfield code="l">0</subfield>
    <subfield code="o">615.1 CLI-</subfield>
    <subfield code="p">139668</subfield>
    <subfield code="r">2021-11-20 00:00:00</subfield>
    <subfield code="t">C.11</subfield>
    <subfield code="w">2021-11-20</subfield>
    <subfield code="y">BK</subfield>
  </datafield>
</record>
